Statistics for Largest Cities by Latitude/Longitude Blocks on the World Map Grid

Click here to take the quiz!

General Stats

  • This quiz has been taken 169 times
  • The average score is 131 of 304

Answer Stats

Country Rank Block Lat Lon Pop City % Correct
United States145º N - 75º W40.74997906-73.98001693 22,000,000 New York
96%
France245º N - 0º48.866692932.333335326 11,200,000 Paris
96%
United Kingdom145º N - 0º51.49999473-0.116721844 14,400,000 London
96%
United States130º N - 120º W33.98997825-118.1799805 17,600,000 Los Angeles
94%
Japan130º N - 135º E35.68501691139.7514074 39,500,000 Tokyo
94%
Egypt130º N - 30º E30.0499603531.24996822 16,800,000 Cairo
94%
Russia160º N - 45º E55.7521641237.61552283 16,900,000 Moscow
94%
Portugal145º N - 15º W38.72272288-9.144866305 2,600,000 Lisbon
94%
Côte d'Ivoire20º - 15º W7.41251-7.55383 139,341 Man
94%
Mexico115º N - 105º W19.44244244-99.1309882 22,100,000 Mexico City
93%
United States130º N - 75º W25.7876107-80.22410608 6,100,000 Miami
93%
United States245º N - 120º W47.57000205-122.339985 4,075,000 Seattle
92%
United States145º N - 90º W41.82999066-87.75005497 9,800,000 Chicago
92%
United States145º N - 120º W37.74000775-122.4599777 7,600,000 San Francisco
92%
Australia130º S - 150º E-33.92001097151.1851798 4,900,000 Sydney
92%
Brazil230º S - 45º W-22.92502317-43.22502079 12,700,000 Rio de Janeiro
91%
China245º N - 120º E39.92889223116.3882857 21,100,000 Beijing
91%
Germany160º N - 15º E52.5218186613.40154862 4,500,000 Berlin
91%
Russia160º N - 30º E59.9390145130.31602006 5,450,000 Saint Petersburg
90%
Peru115º S - 75º W-12.04801268-77.05006209 9,950,000 Lima
90%
United Kingdom160º N - 0º53.50041526-2.247987103 3,000,000 Manchester
90%
China230º N - 120º E31.21645245121.4365047 30,900,000 Shanghai
90%
United States230º N - 90º W29.81997438-95.33997929 6,200,000 Houston
90%
Italy145º N - 15º E45.46997529.20500891 5,150,000 Milan
89%
India130º N - 75º E28.669992977.23000403 26,400,000 Delhi
89%
Turkey145º N - 30º E41.1049961529.01000159 14,300,000 Istanbul
89%
South Africa130º S - 30º E-26.1700447428.03000972 13,400,000 Johannesburg
89%
United States145º N - 105º W39.73918805-104.984016 3,525,000 Denver
88%
United States130º N - 90º W32.82002382-96.84001693 6,550,000 Dallas
88%
United States230º N - 120º W32.82002382-117.1799899 3,275,000 San Diego
88%
Australia145º S - 150º E-37.82003131144.9750162 4,400,000 Melbourne
88%
Argentina130º S - 60º W-34.60250161-58.39753137 15,800,000 Buenos Aires
88%
New Zealand130º S - 180º E-36.850013174.7649808 1,470,000 Auckland
88%
Egypt230º N - 30º E31.2000193529.94999589 5,150,000 Alexandria
88%
Algeria130º N - 0º36.76306483.05055253 3,675,000 Algiers
88%
South Africa130º S - 15º E-33.9200109718.43498816 4,125,000 Cape Town
88%
Indonesia10º - 105º E-6.174417705106.8294376 28,100,000 Jakarta
88%
United States245º N - 75º W38.89954938-77.00941858 8,350,000 Washington
88%
Philippines115º N - 120º E14.60415895120.9822172 23,300,000 Manila
88%
Tunisia130º N - 15º E36.8027781410.1796781 2,500,000 Tunis
88%
Turkey245º N - 30º E39.9272385932.86439164 4,675,000 Ankara
88%
India115º N - 75º E19.0169903872.8569893 23,200,000 Mumbai
87%
Brazil130º S - 45º W-23.55867959-46.62501998 21,800,000 São Paulo
87%
Iraq230º N - 45º E33.338648544.39386877 6,850,000 Baghdad
87%
Chile130º S - 75º W-33.45001382-70.66704085 7,050,000 Santiago
87%
Australia130º S - 120º E-31.95501463115.8399987 2,075,000 Perth
87%
South Korea145º N - 120º E37.5663491126.999731 24,400,000 Seoul
87%
United States230º N - 105º W33.53997988-112.0699917 4,325,000 Phoenix
87%
Portugal245º N - 15º W41.15000633-8.620001263 1,190,000 Porto
86%
Brazil215º S - 45º W-15.78334023-47.91605229 3,825,000 Brasília
86%
New Zealand145º S - 180º E-41.28664174.77557 381,900 Wellington
86%
Iran130º N - 45º E35.6719427751.42434403 13,700,000 Tehran
86%
United States245º N - 90º W42.32996014-83.08005579 5,700,000 Detroit
86%
Italy245º N - 15º E40.8400252514.24501135 4,250,000 Naples
86%
Libya230º N - 15º E32.8925000213.18001176 1,110,000 Tripoli
85%
Colombia10º - 75º W4.596423563-74.08334396 9,350,000 Bogotá
85%
China130º N - 120º E23.1449813113.3250101 47,700,000 Guangzhou
84%
Haiti215º N - 75º W18.5410246-72.33603459 2,850,000 Port-au-Prince
84%
Democratic Republic of the Congo10º - 15º E-4.32972410215.31497188 10,600,000 Kinshasa
84%
Japan230º N - 135º E34.75003522135.4601448 17,800,000 Osaka
83%
United States160º N - 150º W61.21806-149.90028 291,826 Anchorage
83%
Iceland160º N - 15º W64.13548-21.89541 118,918 Reykjavik
83%
Tanzania10º - 45º E-6.80001259539.26834184 5,300,000 Dar es Salaam
83%
Kenya10º - 30º E-1.28334674236.81665686 5,200,000 Nairobi
83%
Pakistan130º N - 60º E24.8699922966.99000891 24,300,000 Karachi
83%
Australia230º S - 150º E-27.45503091153.0350927 2,900,000 Brisbane
83%
Morocco130º N - 15º W33.59997622-7.616367433 4,175,000 Casablanca
82%
Malaysia20º - 105º E3.166665872101.6999833 7,000,000 Kuala Lumpur
82%
Nigeria10º - 0º6.4432616533.391531071 17,100,000 Lagos
82%
Thailand115º N - 105º E13.74999921100.5166447 16,900,000 Bangkok
82%
Guatemala115º N - 90º W14.62113466-90.52696558 3,000,000 Guatemala City
82%
United States230º N - 75º W27.94698793-82.45862085 4,025,000 Tampa
81%
Dominican Republic115º N - 75º W18.47007285-69.90008508 3,650,000 Santo Domingo
81%
United States245º N - 105º W40.7750163-111.9300519 2,300,000 Salt Lake City
81%
Germany260º N - 15º E53.550024649.999999144 2,750,000 Hamburg
81%
Venezuela115º N - 60º W10.50099855-66.91703719 3,700,000 Caracas
81%
Morocco230º N - 0º34.02529909-6.83613082 1,920,000 Rabat
80%
Bolivia215º S - 75º W-16.49797361-68.14998519 1,890,000 La Paz
80%
United Arab Emirates230º N - 60º E25.2299961555.27997432 3,925,000 Dubai
80%
Senegal115º N - 15º W14.71583173-17.47313013 3,300,000 Dakar
80%
Ethiopia215º N - 45º E9.03331036338.70000443 3,475,000 Addis Ababa
80%
Sri Lanka10º - 75º E6.93196575879.85775061 4,675,000 Colombo
80%
Bangladesh130º N - 90º E23.7230597190.40857947 17,600,000 Dhaka
80%
Madagascar115º S - 45º E-18.9166373547.5166239 2,225,000 Antananarivo
79%
Vietnam215º N - 105º E10.78002545106.6950272 8,250,000 Ho Chi Minh City
79%
Sudan115º N - 30º E15.5880782332.53417924 5,550,000 Khartoum
79%
Costa Rica215º N - 90º W9.93501243-84.08405135 1,840,000 San José
79%
India115º N - 90º E22.494969388.32467566 16,000,000 Kolkata
78%
Australia130º S - 135º E-34.93498777138.6000048 1,300,000 Adelaide
78%
Belarus260º N - 30º E53.8999774427.56662716 1,960,000 Minsk
78%
China215º N - 120º E22.3049809114.1850093 7,250,000 Hong Kong
77%
Somalia20º - 45º E2.06668133445.36667761 1,720,000 Mogadishu
77%
Denmark160º N - 45º W64.18347-51.72157 14,798 Nuuk
77%
United States115º N - 165º W21.30687644-157.8579979 1,000,000 Honolulu
76%
Mexico215º N - 105º W20.67001609-103.3300342 4,975,000 Guadalajara
76%
New Zealand245º S - 180º E-43.53333172.63333 363,926 Christchurch
76%
Canada160º N - 120º W53.55002464-113.4999819 1,270,000 Edmonton
75%
Japan145º N - 135º E43.07497927141.3400443 2,500,000 Sapporo
75%
Angola115º S - 15º E-8.83828611413.23442704 6,800,000 Luanda
73%
Azerbaijan145º N - 45º E40.3952720349.86221716 2,450,000 Baku
72%
Nepal230º N - 90º E27.7166919185.31664221 2,775,000 Kathmandu
72%
Nigeria215º N - 15º E9.0833331497.533328002 2,825,000 Abuja
72%
Paraguay230º S - 60º W-25.29640298-57.64150517 2,200,000 Asunción
72%
Brazil115º S - 30º W-8.075645326-34.91560551 3,775,000 Recife
72%
Papua New Guinea115º S - 150º E-9.44314147.17972 283,733 Port Moresby
71%
Pakistan230º N - 75º E31.5599715474.35002478 10,200,000 Lahore
71%
Uganda20º - 30º E0.31665895532.58332353 3,025,000 Kampala
71%
India215º N - 75º E12.9699951477.56000972 10,500,000 Bangalore
71%
Brazil10º - 60º W-3.100031719-60.00001754 2,075,000 Manaus
70%
Colombia20º - 75º W6.275003274-75.57501001 3,800,000 Medellín
69%
United States215º N - 60º W18.44002301-66.12997929 2,150,000 San Juan
69%
Brazil115º S - 45º W-19.91502602-43.91500452 4,925,000 Belo Horizonte
68%
Canada145º N - 60º W44.64533-63.57239 359,111 Halifax
68%
Namibia230º S - 15º E-22.5594117.08323 268,132 Windhoek
67%
South Africa230º S - 30º E-29.86501330.98001054 3,225,000 Durban
67%
Zimbabwe115º S - 30º E-17.8177896931.04470943 2,325,000 Harare
67%
Uzbekistan145º N - 75º E41.3117018869.29493282 2,650,000 Tashkent
66%
Côte d'Ivoire20º - 0º5.319996967-4.04004826 5,050,000 Abidjan
66%
Mexico130º N - 105º W25.66999514-100.3299848 4,650,000 Monterrey
65%
China130º N - 105º E30.67000002104.0700195 9,600,000 Chengdu
64%
United Kingdom260º N - 0º53.83000755-1.580017539 2,150,000 Leeds
64%
Zambia215º S - 30º E-15.4166442728.28332759 2,275,000 Lusaka
64%
Liberia10º - 15º W6.31055666-10.80475163 1,340,000 Monrovia
64%
Mali215º N - 15º W12.65001467-8.000039105 2,950,000 Bamako
63%
Australia115º S - 135º E-12.46113130.84185 129,062 Darwin
63%
United States160º N - 135º W58.30194-134.41972 31,275 Juneau
63%
Fiji115º S - 180º E-18.14161178.44149 77,366 Suva
62%
Burkina Faso115º N - 0º12.37031598-1.524723756 2,100,000 Ouagadougou
62%
Saudi Arabia115º N - 45º E21.5168894639.21919755 4,225,000 Jeddah
61%
Myanmar215º N - 90º E16.783354196.16667761 5,150,000 Yangon
60%
Cape Verde115º N - 30º W14.93152-23.51254 113,364 Praia
59%
China145º N - 90º E43.8050122387.57500565 3,625,000 Ürümqi
59%
Kazakhstan245º N - 75º E43.3249898576.91503617 1,770,000 Almaty
58%
Seychelles10º - 60º E-4.6166755.45 22,881 Victoria
57%
Turkmenistan145º N - 60º E37.9499949358.38329911 1,160,000 Ashgabat
55%
United States260º N - 150º W64.83778-147.71639 31,535 Fairbanks
54%
Russia160º N - 60º E56.8500299360.59995967 1,600,000 Yekaterinburg
54%
Brazil10º - 45º W-3.750017884-38.57998132 3,575,000 Fortaleza
53%
Brazil20º - 45º W-1.450003236-48.48002303 2,150,000 Belém
52%
Mauritius115º S - 60º E-20.1619457.49889 155,226 Port Louis
52%
Russia160º N - 90º E55.0299601482.96004187 1,650,000 Novosibirsk
52%
Samoa115º S - 165º W-13.83333-171.76666 40,407 Apia
51%
Nigeria115º N - 15º E11.999976838.5200378 4,125,000 Kano
50%
China230º N - 105º E29.56497703106.5949816 7,050,000 Chongqing
48%
Indonesia10º - 120º E-7.249235821112.7508333 4,700,000 Surabaya
47%
Solomon Islands215º S - 165º E-9.43333159.95 56,298 Honiara
46%
Russia160º N - 75º E54.9899884273.39995357 1,180,000 Omsk
44%
Russia175º N - 30º E68.9791733.09251 319,263 Murmansk
43%
Tonga115º S - 180º W-21.13938-175.2018 22,400 Nuku'alofa
39%
Russia260º N - 45º E56.3330072244.00009436 1,760,000 Nizhny Novgorod
39%
Cameroon20º - 15º E4.0604097699.709991006 2,825,000 Douala
38%
Kiribati10º - 180º E1.3278172.97696 40,311 Tarawa
38%
United Kingdom130º S - 15º W-37.06757-12.31155 271 Edinburgh of the Seven Seas
37%
Bolivia115º S - 60º W-17.75391762-63.22599634 1,860,000 Santa Cruz
37%
Argentina260º S - 75º W-54.8-68.3 58,028 Ushuaia
35%
Marshall Islands10º - 165º E7.08971171.38027 25,400 Majuro
33%
Ireland260º N - 15º W52.66472-8.62306 90,054 Limerick
31%
Indonesia115º S - 120º E-8.650028871115.2199849 1,500,000 Denpasar
31%
Brazil10º - 30º W-5.780023174-35.24000431 1,370,000 Natal
30%
Norway175º N - 15º E69.648918.95508 52,436 Tromso
29%
Canada260º N - 135º W60.71611-135.05375 23,272 Whitehorse
29%
Russia160º N - 135º E62.03389129.73306 235,600 Yakutsk
29%
New Zealand145º S - 165º E-45.87416170.50361 114,347 Dunedin
29%
Argentina230º S - 75º W-32.88333006-68.81661117 1,050,000 Mendoza
27%
Japan245º N - 135º E38.28710614141.0217175 1,490,000 Sendai
26%
Russia260º N - 60º E55.1549912761.43866817 1,400,000 Chelyabinsk
26%
Indonesia20º - 120º E-5.139958884119.4320275 1,780,000 Makassar
26%
Morocco230º N - 15º W30.43998822-9.620043581 1,090,000 Agadir
25%
United States175º N - 150º W71.29058-156.78872 4,212 Barrow
25%
Chile160º S - 75º W-53.15483-70.91129 117,430 Punta Arenas
24%
Australia215º S - 150º E-19.26639146.8057 196,219 Townsville
24%
United States115º N - 150º W19.72972-155.09 43,263 Hilo
23%
Russia260º N - 90º E56.0139827792.86600053 1,090,000 Krasnoyarsk
22%
Iran245º N - 45º E38.0862915246.30124589 1,620,000 Tabriz
21%
France115º S - 165º E-22.27631166.4572 93,060 Noumea
20%
United Kingdom115º S - 15º W-7.93333-14.41667 538 Georgetown
20%
Russia160º N - 165º E53.04444158.65076 187,282 Petropavlovsk-Kamchatsky
19%
New Zealand245º S - 165º E-46.4168.35 47,287 Invercargill
19%
Indonesia10º - 90º E5.557795.3222 250,757 Banda Aceh
18%
Russia175º N - 90º E69.353588.2027 140,800 Noril'sk
17%
United Kingdom130º N - 60º W32.38167-64.67806 1,896 Saint George's
16%
Russia160º N - 150º E59.5638150.80347 95,282 Magadan
15%
Australia130º S - 165º E-29.05459167.96628 880 Kingston
15%
Canada160º N - 75º W63.75059-68.51449 6,124 Iqaluit
14%
Indonesia115º S - 105º E-7.77995278110.3750093 1,280,000 Yogyakarta
14%
United Kingdom115º S - 0º-15.93872-5.71675 637 Jamestown
14%
Portugal145º N - 30º W37.73333-25.66667 20,056 Ponta Delgada
14%
France115º S - 150º W-17.55-149.6 29,851 Faaa
13%
United Kingdom160º S - 30º W-54.28111-36.5092 2 Grytviken
13%
Brazil20º - 30º W-7.10113513-34.87607117 1,110,000 João Pessoa
13%
Bolivia215º S - 60º W-17.41001097-66.16997685 1,200,000 Cochabamba
12%
Ecuador10º - 90º W-0.74018-90.3138 8,996 Puerto Ayora
12%
Chile130º S - 105º W-27.11124-109.35053 4,000 Hanga Roa
11%
Russia160º N - 180º E64.73424177.5103 10,332 Anadyr
11%
Brazil215º S - 30º W-9.619995505-35.72997441 1,110,000 Maceió
11%
United States115º N - 150º E15.21233145.7545 48,220 Saipan
11%
United Kingdom230º S - 135º W-25.06597-130.10147 46 Adamstown
11%
Argentina145º S - 60º W-38.00228-57.55754 553,935 Mar del Plata
11%
Sudan215º N - 30º E15.6445332.47773 1,200,000 Omdurman
11%
Canada160º N - 105º W56.72676-111.38103 76,000 Fort McMurray
10%
Oman115º N - 60º E17.0150554.09237 163,140 Salalah
10%
Nigeria215º N - 0º10.520015487.440000365 1,680,000 Kaduna
10%
Indonesia20º - 135º E-2.53371140.71813 134,895 Jayapura
9%
Australia245º S - 150º E-38.14711144.36069 226,034 Geelong
9%
Papua New Guinea10º - 150º E-6.72208146.98469 76,255 Lae
9%
Argentina245º S - 60º W-38.7196-62.27243 276,546 Bahia Blanca
9%
United States175º S - 165º E-77.846166.676 1,258 McMurdo Station
9%
France145º S - 75º E-49.3570.21667 45 Port-aux-Francais
9%
Canada160º N - 60º W52.94626-66.91137 10,313 Labrador City
8%
Cape Verde215º N - 30º W16.89014-24.98042 70,611 Mindelo
8%
France215º S - 60º E-20.8823155.4504 137,195 Saint-Denis
8%
Russia245º N - 150º E46.95407142.73603 176,484 Yuzhno-Sakhalinsk
8%
New Zealand215º S - 165º W-21.20778-159.775 13,373 Avarua
8%
Australia115º S - 90º E-12.1568196.82251 120 West Island
7%
France215º S - 150º W-17.53733-149.5665 26,357 Papeete
7%
Brazil20º - 60º W2.81972-60.67333 235,150 Boa Vista
7%
United States260º N - 165º W53.8898-166.5422 4,376 Dutch Harbor
7%
Canada260º N - 120º W53.9166-122.75301 65,558 Prince George
7%
Russia245º N - 60º E51.772755.0988 550,204 Orenburg
7%
Mozambique215º S - 45º E-15.1164639.2666 388,526 Nampula
7%
Argentina145º S - 75º W-38.95161-68.0591 242,092 Neuquen
7%
Australia215º S - 135º E-12.48602130.9833 25,000 Palmerston
7%
France115º S - 135º W-9.8-139.03333 1,762 Atuona
6%
Indonesia10º - 135º E-3.69543128.1814 355,596 Ambon
6%
Chile245º S - 75º W-38.73965-72.59842 238,129 Temuco
6%
Russia175º N - 135º E71.69002128.86467 5,700 Tiksi
5%
China145º N - 105º E40.65220725109.8220198 2,150,000 Baotou
5%
Indonesia215º S - 120º E-7.97999225112.610015 1,420,000 Malang
5%
Canada160º N - 90º W62.81732-92.08324 2,334 Rankin Inlet
5%
Denmark175º N - 60º W72.78684-56.15485 1,129 Upernavik
5%
United States160º N - 165º W60.79222-161.75583 6,080 Bethel
5%
Australia230º S - 120º E-32.27682115.72978 108,022 Rockingham
5%
Canada175º N - 135º W68.34986-133.72181 3,022 Inuvik
5%
Portugal245º N - 30º W38.65-27.21667 12,045 Angra do Heroismo
4%
Russia275º N - 75º E73.5081980.52918 1,113 Dikson
4%
Norway275º N - 15º E68.7983316.54165 19,433 Harstad
4%
Russia275º N - 30º E67.5641433.4031 61,186 Apatity
4%
Norway175º N - 15º W70.9221-8.7187 14 Olonkinbyen
4%
France130º S - 135º W-23.12028-134.96917 1,103 Rikitea
4%
New Zealand145º S - 180º W-43.95353-176.55973 300 Waitangi
4%
Papua New Guinea20º - 150º E-6.21319155.53674 40,266 Arawa
4%
United States215º N - 165º W21.39722-157.97333 47,698 Pearl City
4%
Indonesia20º - 90º E5.180197.1507 88,974 Lhokseumawe
4%
Federated States of Micronesia115º N - 135º E9.51638138.12167 7,371 Colonia
4%
Madagascar230º S - 45º E-25.1783846.08722 66,818 Ambovombe
3%
Canada175º N - 90º W68.62602-95.87836 1,109 Gjoa Haven
3%
Denmark260º N - 45º W60.71667-46.03333 3,224 Qaqortoq
3%
Indonesia215º S - 105º E-7.564978822110.8250077 1,220,000 Surakarta
3%
Canada260º N - 60º W53.31685-60.33153 7,572 Happy Valley-Goose Bay
3%
Australia245º S - 135º E-37.8318140.77919 23,209 Mount Gambier
3%
Russia260º N - 75º E61.2573.41667 300,367 Surgut
3%
China245º N - 105º E39.6086109.78157 1,940,653 Ordos
3%
Kiribati10º - 150º W2.01643-157.48773 1,881 Tabwakea Village
3%
Canada175º N - 120º W67.82743-115.09649 1,302 Kugluktuk
2%
Marshall Islands115º N - 165º E8.77479167.73919 15,000 Ebaye
2%
United States275º N - 150º W70.2175-150.97639 3,402 Nuiqsut
2%
Madagascar130º S - 45º E-23.3543.66667 115,319 Toliara
2%
Russia275º N - 165º E69.70287170.29993 4,837 Pevek
2%
Kiribati10º - 165º W3.90806-159.38832 194 Napari Village
2%
Russia275º N - 60º E67.6386953.00371 18,041 Nar'yan-Mar
2%
Australia145º S - 135º E-38.38176142.48799 33,982 Warrnambool
2%
Russia160º N - 105º E56.1325101.61417 256,600 Bratsk
2%
Russia260º N - 150º E53.58991142.95313 26,560 Okha
2%
Russia260º N - 120º E62.53528113.96111 40,308 Mirny
2%
Canada260º N - 105º W53.20008-105.76772 34,609 Prince Albert
2%
United States215º N - 150º W20.89472-156.47 26,337 Kahului
2%
Canada175º N - 75º W70.46916-68.59143 1,017 Clyde River
2%
Japan145º N - 150º E42.975144.37472 183,612 Kushiro
1%
Russia260º N - 180º W66.32166-179.12198 2,248 Egvekinot
1%
Australia230º S - 135º E-34.91118138.70735 60,394 Adelaide Hills
1%
Russia260º N - 105º E52.53667103.88639 243,158 Angarsk
1%
Denmark275º N - 45º W70.67472-52.12639 1,299 Uummannaq
1%
Russia175º N - 105º E71.98002102.47111 3,205 Khatanga
1%
Russia260º N - 135º E53.14657140.72288 27,152 Nikolayevsk-on-Amur
1%
Fiji215º S - 180º E-17.61667177.46667 52,500 Lautoka
1%
Russia160º N - 180º W64.42289-173.22641 2,536 Provideniya
1%
Federated States of Micronesia215º N - 135º E9.766140.52 215 Fais
1%
Denmark175º N - 45º W69.21667-51.1 4,413 Ilulissat
1%
China245º N - 90º E44.302386.03694 572,772 Shihezi
1%
United States215º N - 150º E13.51777144.8391 44,943 Dededo Village
0%
Marshall Islands215º N - 165º E9.45429170.23674 880 Wotje
0%
Russia275º N - 105º E68.50472112.4485 2,265 Olenyok
0%
Russia275º N - 135º E67.65653134.63962 4,266 Batagay
0%
Russia275º N - 150º E68.53805146.18583 2,383 Belaya Gora
0%
Samoa215º S - 180º W-13.51963-172.63784 6,643 Asau
0%
Oman215º N - 60º E22.4558.8 18,479 Badiyah
0%
Angola215º S - 15º E-9.2978214.91162 383,100 N'dalatando
0%
Russia175º N - 150º E70.61897147.8973 2,506 Chokurdakh
0%
France215º S - 135º W-8.91093-140.09972 1,224 Taiohae
0%
Kiribati20º - 180º E1.35797172.92105 12,509 Betio Village
0%
Federated States of Micronesia20º - 165º E5.32479163.00781 9,686 Tofol
0%
Russia260º N - 180º E63.06101179.35046 1,861 Beringovskiy
0%
Russia175º N - 75º E68.4597273.59028 1,745 Mys-Kamennyy
0%
Russia260º N - 165º E53.18909158.38135 40,692 Yelizovo
0%
Russia175º N - 60º E67.5835563.79399 18,946 Vorgashor
0%
Russia160º N - 120º E56.66637124.63825 66,320 Neryungri
0%
Iceland160º N - 30º W66.07475-23.13498 2,624 Isafjoerdur
0%
Russia175º N - 45º E68.0530639.51306 4,746 Ostrovnoy
0%
New Zealand230º S - 180º E-36.99282174.87986 362,000 Manukau City
0%
Russia175º N - 120º E71.96347114.09199 1,920 Saskylakh
0%
Russia175º N - 165º E68.05464166.43721 5,757 Bilibino
0%
Russia275º N - 90º E69.486588.3972 59,051 Talnakh
0%

Score Distribution

Percentile by Number Answered

Percent of People with Each Score

Your Score History

You have not taken this quiz